| 000 | 00509nam a22001697a 4500 | ||
|---|---|---|---|
| 003 | BD-ChCU | ||
| 005 | 20260222093058.0 | ||
| 008 | 260222b bg ||||| |||| 00| 0 ben d | ||
| 040 | _cBD-ChCU | ||
| 082 | _a370.19 TEE | ||
| 100 |
_aTesconi , Charles A. _920458 |
||
| 245 |
_aEducation for whom : _bthe question of equal education opportunity./ _cCharles A . Tesconi. |
||
| 260 |
_aNewYork : _bDodd, Mead , _cC 1974 |
||
| 300 | _aix , 130p. | ||
| 650 | 0 |
_aEducational sociology . _920459 |
|
| 942 |
_2ddc _cBK _n0 |
||
| 999 |
_c111678 _d111678 |
||